00730nam a2200241Ia 4500003000900000008004100009040001300050040001300063041000800076100001900084100000900103245004800112250001200160260003100172260000900203300001100212300001200223490000600235600002400241942000700265999001700272952019900289IT-RoPAU120407s9999 xx 000 0 und d aIT-RoPAU cIT-RoPAU aeng aBenhard Haring ccssr aToward a Christian moral Theology. Vol. II aIndiana aUniv, of Notre Dame Press c1966 a230 p. c21,5 cm v1 a1. Morale - sec. XX cBK c29599d29599 00102ddc406241_22000000000000071aPAULUSbPAULUSd2012-04-11l0o241.22r2012-04-11 00:00:00w2012-04-11yBKzInserito da: LUCIA In data: 02 settembre 2011 fondo: Via A.Severo 56 Progr:35399